| 000 | 01154nam a2200349 a 4500 | ||
|---|---|---|---|
| 001 | 000002451 | ||
| 003 | DO-SdBPM | ||
| 005 | 20260224131820.0 | ||
| 007 | ta | ||
| 008 | 090702s2009 dr ac 001 f spa d | ||
| 020 | _a9789945457032 | ||
| 040 |
_aDO-SdBPM _bspa _cBPMSU _drda |
||
| 082 | 4 |
_aRD863.44 _bG491m, 2009 _222 |
|
| 100 |
_aGimbernard, Jacinto Carlos, _d1931- _eautor _4aut. |
||
| 245 | 1 | 0 |
_aMedalaganario / _cJacinto Carlos Gimbernard ; presentación Daniel Toribio. |
| 250 | _a4a ed. | ||
| 264 |
_aSanto Domingo : _bBanco de Reservas ; _bSociedad Dominicana de Bibliófilos, _c2009. |
||
| 300 |
_a174 páginas : _bilustraciones retratos. ; _c23 cm. |
||
| 336 |
_atexto _btxt _2rdacontent |
||
| 337 |
_asin mediación _bn _2rdamedia |
||
| 338 |
_avolumen _bnc _2rdacarrier |
||
| 490 | 0 |
_aBibliófilos-BanReservas, _v5 |
|
| 500 | _aIncluye índice onomástico | ||
| 590 | _aInventariado, 2026/VM | ||
| 650 | 7 | _aNovela dominicana | |
| 650 | 7 | _aLiteratura dominicana. | |
| 650 | z | _aDominican fictions | |
| 650 | z | _aDominican literature | |
| 700 | 1 |
_aToribio, Daniel _d |
|
| 910 | _aVMateo V. Control de calidad BPMSU | ||
| 942 |
_2ddc _cBK |
||
| 999 |
_c15731 _d15731 |
||